[Event "Mondariz op 4th"]
[Site "Mondariz"]
[Date "2006.08.27"]
[Round "5.10"]
[White "Rivera Kuzawka, Daniel"]
[Black "Beltran, Edda G"]
[Result "1-0"]
[WhiteElo "2308"]
[BlackElo "1957"]
[PlyCount "71"]
[EventDate "2006.08.22"]
[EventType "swiss"]
[EventRounds "9"]
[EventCountry "ESP"]
[SourceTitle "EXT 2007"]
[Source "ChessBase"]
[SourceDate "2006.11.23"]
[SourceVersion "1"]
[SourceVersionDate "2006.11.23"]
[SourceQuality "1"]

1. e4 c5 2. Nc3 Nc6 3. Nf3 e6 4. d4 cxd4 5. Nxd4 Qc7 6. Be2 a6 7. 0-0 Nf6 8. Be3 Be7 9. f4 d6 10. a4 Bd7 11. Nb3 b6 12. Kh1 Nb4 13. Bf3 Bc6 14. a5 b5 15. Qe2 0-0 16. Bb6 Qb7 17. Rad1 Nd7 18. Bg1 Nc5 19. Nd4 Bd7 20. e5 d5 21. f5 exf5 22. Nxd5 Nxd5 23. Nxf5 Bxf5 24. Bxd5 Qc7 25. Bxa8 Rxa8 26. Rxf5 Ne6 27. Bb6 Qc6 28. Qf3 Qxf3 29. Rxf3 Rc8 30. Rd7 Kf8 31. Rc3 Rxc3 32. bxc3 f6 33. Ra7 fxe5 34. Rxa6 Bf6 35. Ra8+ Kf7 36. a6 1-0